El principio de la buena fe procesal

Bibliographic Details
Main Author: Pic ̤i Junoy, Joan
Format: eBook
Language:Spanish
Published: Barcelona : J.M. Bosch Editor, 2013
Subjects:
Online Access:http://www.vlex.es/source/7282

MARC

LEADER 00000nam a22000007a 4500
005 20130228142335.0
007 cr|||| ||||
008 130228e2013 sp |||||s|||| 00||0 spa d
020 |a 978-84-940751-1-7 
035 |a 7282 
040 |a vLex 
090 |c 3781  |d 3781 
100 1 0 |a Pic ̤i Junoy, Joan 
245 1 3 |a El principio de la buena fe procesal  |h [Recurso electrn̤ico] 
256 |a Servicio en ln̕ea 
260 |a Barcelona :  |b J.M. Bosch Editor,   |c 2013 
300 |a 1 Recurso electrn̤ico 
650 0 4 |a Derecho procesal 
740 |a vLex Libros (Servicio en ln̕ea) 
856 |a Acceso restringido  |u http://www.vlex.es/source/7282 
942 |c BOOK 
999 0 |a Procedure